Kat Dennings Movies - Statistics

General Stats
  • This quiz has been taken 5 times
  • The average score is 9 of 24
Answer Stats
Hint Answer % Correct
2011 Thor
100%
2022 Thor: Love and Thunder
100%
2013 Thor: The Dark World
100%
2008 The House Bunny
50%
2010 Anderson's Cross
25%
2006 Big Momma's House 2
25%
2007 Charlie Bartlett
25%
2010 Daydream Nation
25%
2009 Defendor
25%
2005 Down in the Valley
25%
2020 Friendsgiving
25%
2015 Hollywood Adventures
25%
2018 How May We Hate You?
25%
2005 London
25%
2008 Nick and Norah's Infinite Playlist
25%
2004 Raise Your Voice
25%
2008 Shorts
25%
2014 Suburban Gothic
25%
2004 Sudbury
25%
2005 The 40-Year-Old Virgin
25%
2009 The Answer Man
25%
2002 The Scream Team
25%
2003 The Snobs
25%
2012 To Write Love on Her Arms
25%
No matching quizzes found
Score Distribution
Percent of People with Each Score
Percentile by Number Answered
Your Score History
You have not taken this quiz